The Nine Worlds of Norse Mythology - Statistics

General Stats
  • This quiz has been taken 2,645 times
  • The average score is 5 of 9
Answer Stats
Inhabitants World % Correct
The Aesir Asgard
95%
The Humans Midgard
90%
The Giants Jotunheim
69%
The Vanir Vanaheim
60%
The Light Elves Alfheim
54%
Ice, Fog, and The Dead Niflheim
52%
The Fire Giants and The Demons Muspelheim
47%
The Dark Elves Svartalfheim
33%
The Dwarfs Nidavellir
24%
No matching quizzes found
Score Distribution
Percent of People with Each Score
Percentile by Number Answered
Your Score History
You have not taken this quiz